000
00324nam a2200133Ia 4500
005
20251222155128.0
008
251222s9999||||xx |||||||||||||| ||spa||
082
_a
INV.50
100
_a
ZUBIZARRETA Armando.
245
0
_a
La aventura del trabajo intelectual
250
_a
2da. ed.
264
_b
Addson Wesley
942
_c
LIB
999
_c
38696
_d
38696